Analýza vývoja ekonomických charakteristík v oblasti podnikania v roku 2006

V našom príspevku sa zamýšľame nad zmenami a tempami rastu právnických a fyzických osôb. Ide o skutočnosť, že práve podnikatelia a malí a strední podnikatelia vytvárajú príležitosti k rastu zamestnanosti a v konečnom dôsledku aj k rastu príjmov obyvateľstva. Dlhodobý vývoj právnických a fyzických os...

Descrizione completa

Salvato in:
Dettagli Bibliografici
Autore principale: Strážovská, Helena
Altri autori: Strážovská, Ľubomíra
Natura: Capitolo di libro
Lingua:slovacco
Soggetti:
Tags: Aggiungi Tag
Nessun Tag, puoi essere il primo ad aggiungerne!!

MARC

LEADER 00000nla$a2200000$$$4500
001 0067146
005 20240502071814.0
041 0 |a slo 
044 |a SK 
245 1 0 |a Analýza vývoja ekonomických charakteristík v oblasti podnikania v roku 2006  |c Helena Strážovská, Ľubomíra Strážovská 
520 |a V našom príspevku sa zamýšľame nad zmenami a tempami rastu právnických a fyzických osôb. Ide o skutočnosť, že práve podnikatelia a malí a strední podnikatelia vytvárajú príležitosti k rastu zamestnanosti a v konečnom dôsledku aj k rastu príjmov obyvateľstva. Dlhodobý vývoj právnických a fyzických osôb na Slovensku. Obchodné spoločnosti, zahraničné osoby, neziskové inštitúcie, rozpočtové a príspevkové organizácie - osobitosti vývoja od roku 1993. Živnostníci - vývoj od roku 1993 - osobitosti a tendencie v Slovenskej republike. Kvantitatívna a kvalitatívne zmeny najmä v období rokov 2001 až 2006. 
610 2 0 |a spoločnosti obchodné 
610 2 0 |a vývoj 
610 2 0 |a Slovensko 
610 2 0 |a podnikanie 
100 1 |a Strážovská, Helena 
700 1 |a Strážovská, Ľubomíra